| 000 | 00779nam a2200229 4500 | ||
|---|---|---|---|
| 003 | OSt | ||
| 005 | 20260601170959.0 | ||
| 008 | 260417b1981\\\\mx\|||||\||||\00|\0\spa\d | ||
| 020 | _a 9688870277 | ||
| 040 |
_aICI _bspa _cICI |
||
| 050 |
_aTS171.4 _bR63 |
||
| 100 |
_aRodriguez M. Gerardo, _931110 |
||
| 245 | 1 |
_aManual de Diseño Industrial _bCurso básico / _c Gerardo Rodríguez m. |
|
| 264 |
_bGustavo Gili, _c[universidad autonoma metropolitana, unidad azcapotzalco] _aMéxico |
||
| 300 | _a165 páginas | ||
| 336 |
_atexto _2rdacontent |
||
| 337 |
_asin medio _2rdamedia |
||
| 338 |
_avolumen _2rdacarrier |
||
| 650 |
_aDiseño industrial _vManuales _x Estudio y enseñanza _931111 |
||
| 710 |
_aUniversidad Autónoma Metropolitana. _bUnidad Azcapotzalco |
||
| 942 |
_2ddc _cB |
||
| 999 |
_c19981 _d19981 |
||